Tens um leão dentro de ti (Record no. 2040)

MARC details
000 -Etiqueta do registo
Valores 00684nam a2200253 4500
010 ## - Número ISBN
ISBN 9789895704644
021 ## - Número do Depósito Legal
Código do país Portugal
Número 546446/25
100 ## - Dados gerais de processamento
Dados gerais 20260130d2025 c||y0pory50030103ba
101 ## - Língua de publicação
Língua Português
102 ## - País de publicação
País Portugal
200 ## - Titulo e menção de responsabilidade
Título próprio Tens um leão dentro de ti
Primeira menção de responsabilidade Colter Jackson
Outras menções de responsabilidade trad. Sónia Lopes
205 ## - Menção da edição
Edição 1ª edição
210 ## - Publicação
Local de publicação [S.l.]
Nome do editor Alma dos Livros
Data de publicação 2025
215 ## - Descrição física 
Paginação / Volumes [40] p.
Outras indicações físicas il.
Dimensões 28 cm
300 ## - Notas gerais 
Texto da nota BMB-Registado
304 ## - Nota relativa ao título
Texto de nota Tít. orig.: Everyday brave
606 ## - Nome comum usado como assunto
ID Autoridade 863
Palavra de ordem Literatura Infantil
675 ## - CDU
Notação 087.5
Edição BMB
Língua por
700 ## - Autor principal (pessoa individual)
Apelido Jackson
Nome Colter
ID Autoridade 2924
702 ## - Autor secundário (pessoa individual)
Apelido Lopes
Nome Sónia
Função Tradutor
ID Autoridade 2711
801 ## - Fonte de origem
País PT
Agência BMB
Regras de catalogação RPC
990 ## - Elementos KOHA
Tipo de documento Livro
Holdings
Situação do levantamento Estado Número Biblioteca de origem Código de barras Cota Permissão de empréstimo Tipo de documento Forma de aquisição
    1 Biblioteca Municipal de Borba 1990 087.5 JAC / TEN   Livro Compra
Biblioteca Municipal de Borba

Powered by Koha